Analýza a vyhodnotenie účinnosti uplatňovaných nástrojov environmentálnej politiky na efektívnosť ekonomiky v SR

Environmentálna politika ako súčasť hospodárskej politiky. Ekonomické nástroje ochrany životného prostredia a ich uplatnenie vo vzťahu k základným zložkám životného prostredia. Funkcie finančno-ekonomických nástrojov environmentálnej politiky. Uživateľské poplatky. Špecifické environmentálne poplat...

Descrizione completa

Salvato in:
Dettagli Bibliografici
Autore principale: Romančíková, Eva
Natura: Capitolo di libro
Lingua:slovacco
Soggetti:
Tags: Aggiungi Tag
Nessun Tag, puoi essere il primo ad aggiungerne!!

MARC

LEADER 00000naa$a2200000$$$4500
001 0005944
005 20221207121704.6
041 0 |a slo 
044 |a SK 
245 1 0 |a Analýza a vyhodnotenie účinnosti uplatňovaných nástrojov environmentálnej politiky na efektívnosť ekonomiky v SR  |c aut. Eva Romančíková 
520 |a Environmentálna politika ako súčasť hospodárskej politiky. Ekonomické nástroje ochrany životného prostredia a ich uplatnenie vo vzťahu k základným zložkám životného prostredia. Funkcie finančno-ekonomických nástrojov environmentálnej politiky. Uživateľské poplatky. Špecifické environmentálne poplatky a dane. Dane späté so životným prostredím. Možnosti diferenciácie daňových sadzieb vo väzbe k ochrane životného prostredia. 
610 2 0 |a politika environmentálna 
610 2 0 |a politika hospodárska 
610 2 0 |a prostredie životné 
610 2 0 |a Slovensko 
610 2 0 |a nástroje ekonomické 
610 2 0 |a poplatky 
610 2 0 |a dane 
610 2 0 |a dane cestné 
610 2 0 |a sadzby daňové 
100 1 |a Romančíková, Eva